| Tag |
First Indicator |
Second Indicator |
Subfields |
| LEADER |
00000cam a2200000 a 4500 |
| 001 |
in00000013629 |
| 005 |
20151007052524.0 |
| 008 |
861219s1987 cou b 00110 eng |
| 010 |
|
|
|a 86033952
|
| 020 |
|
|
|a 0813304113 (alk. paper) :
|c $28.50
|
| 035 |
|
|
|a (OCoLC)15082209
|
| 035 |
|
|
|9 AAA8121AM
|
| 040 |
|
|
|a DLC
|c DLC
|d TXA
|d UtOrBLW
|
| 049 |
|
|
|a TXAM
|c [A11048987]
|
| 050 |
0 |
0 |
|a HV6431
|b .B47 1987
|
| 082 |
0 |
|
|a 303.6/25
|2 19
|
| 100 |
1 |
|
|a Beres, Louis René.
|
| 245 |
1 |
0 |
|a Terrorism and global security :
|b the nuclear threat /
|c Louis René Beres.
|
| 250 |
|
|
|a 2nd ed., completely rev. and updated.
|
| 264 |
|
1 |
|a Boulder, Colo. :
|b Westview Press,
|c 1987.
|
| 300 |
|
|
|a xvi, 156 pages ;
|c 24 cm.
|
| 336 |
|
|
|a text
|b txt
|2 rdacontent
|
| 337 |
|
|
|a unmediated
|b n
|2 rdamedia
|
| 338 |
|
|
|a volume
|b nc
|2 rdacarrier
|
| 490 |
1 |
|
|a Westview special studies in national and international terrorism
|
| 504 |
|
|
|a Bibliography: pages 125-146.
|
| 500 |
|
|
|a Includes index.
|
| 650 |
|
0 |
|a Terrorism.
|
| 650 |
|
0 |
|a Nuclear terrorism.
|
| 830 |
|
0 |
|a Westview special studies in national and international terrorism.
|
| 999 |
|
|
|a MARS
|
| 999 |
f |
f |
|s 3960ab19-4c67-3b0f-8294-81c585408b1f
|i 94d42e8c-5b15-3723-9cca-15f4ed06c0fd
|t 0
|
| 952 |
f |
f |
|p ric
|a Texas A&M University
|b Rellis Campus
|c Joint Library Facility
|d Remote Storage
|t 0
|e HV6431 .B47 1987
|h Library of Congress classification
|i unmediated -- volume
|m A14811048987
|
| 998 |
f |
f |
|a HV6431 .B47 1987
|t 0
|l Remote Storage
|